1398 1762 1964 1882 1840 1722 1214 1003 1372 1120 1256 1294 1368 1279 1029 1775 1886 1741 1141 1072 1301 1356 1376 1570 1190 1384 1926 1201 1481 1322 1712 1938 1634 1447 1300 1757 1315 1117 1473 1440 1377 1110 1503 1596 1792 1495 1014 1101 1110 1425 1067 1011 1294 1074 1816 1431 1339 1495 1853 1827 1008 1147 1753 1673 1797 1273 1279 1247 1414 1342 1836 1422 1314 1017 1008 1812 1165 1040 1207 1782 1811 1869 1340 1665 1437 1985 1779 1448 1324 1261 1309 1349 1031 1392 1103 1242 1229 1004 1226 BCNSPRNW ULIB Ver.6.0+V

เปลี่ยนเป็นภาษาไทย

Change to English
 แสดงรายละเอียดบรรณานุกรม
  กลับหน้าหลัก

Brief Record : Get Marc (ISO 2709) : E-mail record : QR code < ปิดหน้าต่าง
LEADER : 00000nam 2200000uu 4500
001    13399113839
003     ULIB
008    120110s||||||||th 000 0 tha d
099    วจ.WS410^bศ463ส
100 0  ศิริพร พงษ์โภคา
245 00 สรุปการดำเนินงานโครงการเครือข่ายสร้างเสริมสุขภาพลดพฤติกรรมเสี่ยงต่อการคลอดก่อนกำหนดในสตรีตั้งครรภ์วัยรุ่น/^cศิริพร พงษ์โภคา,บุญศรี กิตติโชติพาณิชย์,สุดประนอม สมันตเวคิน,สุมิตตา สว่างทุกข์และสุภาวดี เครือโชติ
260    กรุงเทพฯ :^bสำนักงานหลักประกันสุขภาพแห่งชาติ,^c2553
300    88 หน้า :^bตาราง
500    รายงานการวิจัย
650  7 หลักธรรมาภิบาล^xวิจัย
650  7 พฤติกรรมการปฏิบัติงาน^xวิจัย
700 02 บุญศรี กิตติโชติพาณิชย์
700 02 สุดประนอม สมันตเวคิน
700 02 สุมิตตา สว่างทุกข์
700 02 สุภาวดี เครือโชติ
710 1  สำนักงานหลักประกันสุขภาพแห่งชาติ
945    ^p0^l0^i030909
995    ทศพร
999 ^a ทศพร
รายการนี้ยังไม่มีแท็ก
คุณยังไม่ได้ล็อกอิน คุณสามารถมีกิจกรรมร่วมกับเว็บไซต์ได้ แต่ต้องล็อกอินก่อน ::
  ล็อกอิน

รายการสื่อสารสนเทศ

ลำดับที่ ประเภท เลขเรียก/บาร์โค้ด สถานที่ สถานะ
1. งานวิจัย
งานวิจัย
วจ.WS410 ศ463ส ฉ.1 
  Barcode: 030909
ห้องสมุดวิทยาเขตสวรรค์ประชารักษ์
►วิจัย
บนชั้น

รายการใกล้เคียง
    ผู้แต่ง [ศิริพร พงษ์โภคา]

BibComment


ยังไม่เคยถูกคอมเมนท์

คอมเมนท์ทรัพยากรรายการนี้
  คอมเมนท์: สรุปการดำเนินงานโ..


 Copyright 2026. Bcnsprnw @Library